[Event "2. BUNDESLIGA MITTE 2018/2019"]
[Site "Grieskirchen, Friedberg/Sauwald, St. Veit, Deutschlandsberg"]
[Date "2019.03.03"]
[Round "11"]
[Board "2"]
[White "Heinemann, Thies"]
[Black "Haba, Petr"]
[Result "0-1"]
[WhiteElo "2509"]
[BlackElo "2445"]
[PlyCount "106"]
[EventDate "2018.10.19"]
[EventType "team"]
[EventRounds "11"]
[EventCountry "AUT"]
[WhiteTeam "EJ Gleisdorf"]
[BlackTeam "SPK Grieskirchen/Schallerbach"]

1.e4 c6 2.d4 d5 3.e5 Bf5 4.Nf3 e6 5.Be2 Ne7 6.O-O c5 7.dxc5 Nec6 8.a3 Bxc5 9.b4 Bb6
10.Bb2 O-O 11.Nbd2 Nd7 12.b5 Na5 13.c4 Nc5 14.Bc3 Nxc4 15.Nxc4 dxc4 16.Bxc4 Bd3 17.Bxd3
Qxd3 18.Qxd3 Nxd3 19.Ra2 Rac8 20.Ba1 Rfd8 21.g3 Nc1 22.Rd2 Rxd2 23.Nxd2 Rc2 24.Ne4
Nd3 25.Kg2 h6 26.a4 Ra2 27.Bc3 Rxa4 28.f3 Ra2+ 29.Kh3 Ra3 30.Rb1 Nf2+ 31.Nxf2 Rxc3
32.Ne4 Rxf3 33.Nd6 Re3 34.Rc1 Rxe5 35.Rc8+ Kh7 36.Nxf7 Rxb5 37.Nd6 Rd5 38.Nxb7 e5
39.Rc6 Rd7 40.Nd6 Rc7 41.Rxc7 Bxc7 42.Nb5 Bb6 43.Kg4 Kg6 44.Kf3 Kf5 45.g4+ Ke6 46.Ke4
a5 47.Na3 a4 48.Nc4 Bd4 49.h4 Bf2 50.h5 Bd4 51.Na3 Bb2 52.Nc2 a3 53.Nb4 Kf6 0-1

[Event "2. BUNDESLIGA MITTE 2018/2019"]
[Site "Grieskirchen, Friedberg/Sauwald, St. Veit, Deutschlandsberg"]
[Date "2019.03.03"]
[Round "11"]
[Board "3"]
[White "Kilgus, Georg"]
[Black "Wanderer, Thomas"]
[Result "1/2-1/2"]
[WhiteElo "2436"]
[BlackElo "2225"]
[PlyCount "105"]
[EventDate "2018.10.19"]
[EventType "team"]
[EventRounds "11"]
[EventCountry "AUT"]
[WhiteTeam "SPK Grieskirchen/Schallerbach"]
[BlackTeam "EJ Gleisdorf"]

1.e4 c5 2.Nf3 e6 3.g3 b6 4.Bg2 Bb7 5.Nc3 Be7 6.d4 cxd4 7.Nxd4 a6 8.O-O Nc6 9.Re1 d6
10.e5 d5 11.Nxc6 Bxc6 12.Ne2 b5 13.Nd4 Rc8 14.a4 b4 15.c3 bxc3 16.bxc3 Bd7 17.Bf1
h5 18.Bxa6 Rxc3 19.Bd2 Ra3 20.Rxa3 Bxa3 21.Qb3 Bc5 22.Be3 Bxd4 23.Bxd4 Ne7 24.Bb6
Qb8 25.a5 Nc6 26.Qc3 h4 27.g4 h3 28.Bf1 Rh6 29.f3 f6 30.Be3 d4 31.Bxd4 Nxd4 32.Qxd4
Qa8 33.Rd1 Bc6 34.a6 fxe5 35.Qb6 Bxf3 36.a7 Rg6 37.Bxh3 Bxg4 38.Qb8+ Ke7 39.Qxa8 Bf3+
40.Kf2 Bxa8 41.Rb1 Rf6+ 42.Ke2 Rh6 43.Rb8 Bd5 44.Rb3 Rh8 45.Ra3 Kd6 46.Kf2 Kc7 47.Bxe6
Bc6 48.Bh3 Kb6 49.Bf1 Rxh2+ 50.Kg3 Rh8 51.Ra6+ Kb7 52.Rxc6 Kxc6 53.Bg2+ 1/2-1/2

[Event "2. BUNDESLIGA MITTE 2018/2019"]
[Site "Grieskirchen, Friedberg/Sauwald, St. Veit, Deutschlandsberg"]
[Date "2019.03.03"]
[Round "11"]
[Board "4"]
[White "Frosch, Erich"]
[Black "Webersberger, Johann"]
[Result "0-1"]
[WhiteElo "2205"]
[BlackElo "2368"]
[PlyCount "118"]
[EventDate "2018.10.19"]
[EventType "team"]
[EventRounds "11"]
[EventCountry "AUT"]
[WhiteTeam "EJ Gleisdorf"]
[BlackTeam "SPK Grieskirchen/Schallerbach"]

1.d4 g6 2.g3 Bg7 3.Bg2 Nf6 4.Nf3 O-O 5.O-O d6 6.b3 c6 7.Bb2 Qa5 8.Nbd2 Qh5 9.e4 Bg4
10.Qe2 Nbd7 11.Rfe1 e5 12.dxe5 Nxe5 13.Bxe5 dxe5 14.Nc4 Ne8 15.Rad1 Nc7 16.h3 Bxh3
17.Bxh3 Qxh3 18.Ncxe5 Qe6 19.Nd7 Rfe8 20.Nc5 Qe7 21.Rd7 Qxc5 22.Rxc7 Re7 23.Rxe7 Qxe7
24.Rd1 Re8 25.Rd3 Kf8 26.Nd2 h5 27.f4 Qc5+ 28.Kf1 Qxc2 29.Rd7 Re7 30.Rd8+ Re8 31.Rd7
b5 32.e5 Rxe5 33.Rxf7+ Kxf7 34.fxe5 Qf5+ 35.Nf3 Bxe5 36.Kg2 Bc7 37.Qe3 Qc2+ 38.Kh3
Qf5+ 39.Kg2 Bb6 40.Qh6 Qc2+ 41.Kh3 Qf5+ 42.Kg2 Qe4 43.Qh7+ Ke8 44.Qg8+ Ke7 45.Qg7+
Kd6 46.Qf6+ Kc7 47.Kh2 Kb7 48.Ne5 Bc7 49.Nxg6 Qe2+ 50.Kh1 Qe1+ 51.Kg2 Qxg3+ 52.Kf1
Qd3+ 53.Kg2 Qe2+ 54.Kg1 Qxa2 55.Qe6 Qb1+ 56.Kg2 Qc2+ 57.Kf1 Qd3+ 58.Kg2 Qd5+ 59.Qxd5
cxd5 0-1

[Event "2. BUNDESLIGA MITTE 2018/2019"]
[Site "Grieskirchen, Friedberg/Sauwald, St. Veit, Deutschlandsberg"]
[Date "2019.03.03"]
[Round "11"]
[Board "5"]
[White "Lentrodt, Thomas"]
[Black "Manhardt, Thomas"]
[Result "0-1"]
[WhiteElo "2281"]
[BlackElo "2264"]
[PlyCount "64"]
[EventDate "2018.10.19"]
[EventType "team"]
[EventRounds "11"]
[EventCountry "AUT"]
[WhiteTeam "SPK Grieskirchen/Schallerbach"]
[BlackTeam "EJ Gleisdorf"]

1.d4 f5 2.Nf3 Nf6 3.g3 g6 4.Bg2 Bg7 5.O-O O-O 6.c4 d6 7.Nc3 Nc6 8.d5 Ne5 9.Nxe5 dxe5
10.c5 Kh8 11.Qb3 h6 12.Bd2 a6 13.Rfd1 Rb8 14.Qa3 e4 15.f3 exf3 16.exf3 g5 17.Be3 Qe8
18.Re1 Qf7 19.Rad1 e5 20.dxe6 Bxe6 21.Bd4 Rfe8 22.Be5 Rbd8 23.c6 Rxd1 24.Rxd1 b6 25.f4
gxf4 26.gxf4 Ng4 27.Bxg7+ Qxg7 28.Ne2 Bd5 29.Rxd5 Ne3 30.Ng3 Nxd5 31.Nxf5 Qg4 32.Qd3
Qxg2+ 0-1

[Event "2. BUNDESLIGA MITTE 2018/2019"]
[Site "Grieskirchen, Friedberg/Sauwald, St. Veit, Deutschlandsberg"]
[Date "2019.03.03"]
[Round "11"]
[Board "6"]
[White "Wegerer, Fred"]
[Black "Salvenmoser, Stefan"]
[Result "1/2-1/2"]
[WhiteElo "2182"]
[BlackElo "2242"]
[PlyCount "89"]
[EventDate "2018.10.19"]
[EventType "team"]
[EventRounds "11"]
[EventCountry "AUT"]
[WhiteTeam "EJ Gleisdorf"]
[BlackTeam "SPK Grieskirchen/Schallerbach"]

1.c4 Nf6 2.Nc3 e5 3.e3 Bb4 4.Nge2 Nc6 5.a3 Bxc3 6.Nxc3 d6 7.Qc2 O-O 8.h3 Ne7 9.Be2
c6 10.O-O Bf5 11.d3 Rc8 12.e4 Be6 13.f4 Ne8 14.Kh1 f6 15.Be3 exf4 16.Bxf4 c5 17.Qa4
a6 18.Qd1 Ng6 19.Bg4 Nc7 20.Nd5 Re8 21.Bg3 Ne5 22.Bxe5 Nxd5 23.exd5 Bxg4 24.Qxg4 Rxe5
25.Rae1 Qe8 26.Rxe5 fxe5 27.b4 cxb4 28.axb4 Rd8 29.Kh2 Qd7 30.Kg3 Qxg4+ 31.Kxg4 Rc8
32.Ra1 e4 33.dxe4 Rxc4 34.Kf5 Kf7 35.b5 g6+ 36.Kf4 Kf6 37.bxa6 bxa6 38.h4 h6 39.Rxa6
g5+ 40.hxg5+ hxg5+ 41.Kf3 Ke5 42.Kg4 Rc2 43.g3 Rc3 44.Ra4 Re3 45.Rb4 1/2-1/2

[Event "2. BUNDESLIGA MITTE 2018/2019"]
[Site "Grieskirchen, Friedberg/Sauwald, St. Veit, Deutschlandsberg"]
[Date "2019.03.03"]
[Round "11"]
[Board "1"]
[White "Leisch, Lukas"]
[Black "Ftacnik, Lubomir"]
[Result "1/2-1/2"]
[WhiteElo "2338"]
[BlackElo "2513"]
[PlyCount "84"]
[EventDate "2018.10.19"]
[EventType "team"]
[EventRounds "11"]
[EventCountry "AUT"]
[WhiteTeam "Freistadt/Wartberg"]
[BlackTeam "SC Pinggau-Friedberg"]

1.Nf3 Nf6 2.c4 b6 3.d4 e6 4.g3 Ba6 5.Qc2 d5 6.cxd5 exd5 7.Ne5 Bb4+ 8.Bd2 Bxd2+ 9.Nxd2
O-O 10.e3 Bxf1 11.Kxf1 c5 12.dxc5 Qc7 13.Nd3 Rc8 14.Rc1 Qb7 15.Kg2 d4+ 16.e4 Nxe4
17.Nxe4 Qxe4+ 18.f3 Qf5 19.Rhe1 Nc6 20.Qe2 b5 21.Qe4 Qxe4 22.Rxe4 Re8 23.Rce1 Rxe4
24.Rxe4 Rd8 25.Kf2 g6 26.Ke2 Kf8 27.Ne5 Na5 28.Kd3 f6 29.b4 fxe5 30.bxa5 Rd5 31.c6
Rc5 32.c7 Rc3+ 33.Kd2 Rxc7 34.Rxe5 Rc3 35.Rxb5 Rxf3 36.Rb8+ Kg7 37.Rb7+ Kh6 38.Rxa7
Rf2+ 39.Kd3 Rxh2 40.Kxd4 Rxa2 41.Ke3 Kg5 42.Rxh7 Rxa5 1/2-1/2

[Event "2. BUNDESLIGA MITTE 2018/2019"]
[Site "Grieskirchen, Friedberg/Sauwald, St. Veit, Deutschlandsberg"]
[Date "2019.03.03"]
[Round "11"]
[Board "2"]
[White "Milanovic, Danilo"]
[Black "Koller, Hans-Juergen"]
[Result "1/2-1/2"]
[WhiteElo "2493"]
[BlackElo "2163"]
[PlyCount "125"]
[EventDate "2018.10.19"]
[EventType "team"]
[EventRounds "11"]
[EventCountry "AUT"]
[WhiteTeam "SC Pinggau-Friedberg"]
[BlackTeam "Freistadt/Wartberg"]

1.d4 g6 2.c4 Bg7 3.e4 c5 4.d5 d6 5.Nc3 Nf6 6.f3 O-O 7.Bg5 e6 8.Qd2 exd5 9.cxd5 Re8
10.Nge2 b6 11.a4 Ba6 12.Nb5 Bxb5 13.axb5 Qe7 14.Nc3 Nbd7 15.Ra4 Qf8 16.Be2 Nh5 17.g4
Nhf6 18.Be3 Re7 19.O-O Ne8 20.f4 f5 21.e5 Kh8 22.e6 Ndf6 23.g5 Ng8 24.Rfa1 Rb7 25.Kg2
Ne7 26.h4 Nc7 27.Bc4 Qe8 28.Qd3 Kg8 29.Kg3 Qc8 30.R4a2 Qe8 31.Bf2 Qc8 32.Kg2 Qe8 33.Kf3
Qc8 34.Be3 Qe8 35.Bg1 Qc8 36.Kg2 Qe8 37.Kh2 Qc8 38.Kh3 Qe8 39.Kg3 Qc8 40.Kg2 Qe8 41.Bf2
Qc8 42.Ra3 Qe8 43.Kg3 Qc8 44.Ra4 Qe8 45.R1a3 Qc8 46.b4 Qe8 47.bxc5 bxc5 48.Bxc5 dxc5
49.d6 Bxc3 50.Rxc3 Nxb5 51.d7 Qb8 52.Bxb5 Rxb5 53.d8=Q+ Qxd8 54.Qxb5 Qd1 55.Qxc5 Rd8
56.Ra2 Qg4+ 57.Kf2 Qxf4+ 58.Kg2 Qe4+ 59.Rf3 Qg4+ 60.Rg3 Qe4+ 61.Rf3 Qg4+ 62.Rg3 Qe4+
63.Rf3 1/2-1/2

[Event "2. BUNDESLIGA MITTE 2018/2019"]
[Site "Grieskirchen, Friedberg/Sauwald, St. Veit, Deutschlandsberg"]
[Date "2019.03.03"]
[Round "11"]
[Board "3"]
[White "Mayerhofer, Peter"]
[Black "Schnider, Gert"]
[Result "0-1"]
[WhiteElo "2181"]
[BlackElo "2424"]
[PlyCount "150"]
[EventDate "2018.10.19"]
[EventType "team"]
[EventRounds "11"]
[EventCountry "AUT"]
[WhiteTeam "Freistadt/Wartberg"]
[BlackTeam "SC Pinggau-Friedberg"]

1.e4 c5 2.d4 cxd4 3.c3 dxc3 4.Nxc3 Nc6 5.Nf3 e6 6.Bc4 a6 7.O-O Nge7 8.Bg5 h6 9.Be3
Ng6 10.Bb3 Be7 11.Na4 d6 12.Nb6 Rb8 13.Rc1 O-O 14.Ba4 Bd7 15.Nd4 Nge5 16.Nxd7 Qxd7
17.f4 b5 18.fxe5 Nxd4 19.Qxd4 bxa4 20.Rfd1 d5 21.Qd2 Rfc8 22.Rxc8+ Qxc8 23.exd5 exd5
24.Qxd5 Rxb2 25.Rc1 Qb7 26.Qxb7 Rxb7 27.Rc2 Rb5 28.Bd4 Rd5 29.Rc8+ Kh7 30.Bc3 Rc5
31.Rxc5 Bxc5+ 32.Kf1 Kg6 33.Ke2 Kf5 34.Kf3 h5 35.h3 h4 36.Bb2 g6 37.Bc3 Bb6 38.Be1
Bd8 39.g4+ hxg3 40.Bxg3 Bb6 41.Bh2 Bd4 42.Bf4 Bxe5 43.Be3 Bd6 44.Bd4 Kg5 45.Bc3 f5
46.Bd4 Kh4 47.Kg2 g5 48.Bf6 Kh5 49.Kf3 Kg6 50.Bc3 Kf7 51.Bd2 Kf6 52.Bc3+ Ke6 53.Bd2
Be7 54.Bc3 Kd5 55.Ke3 Kc4 56.Bb2 Bc5+ 57.Ke2 Bd4 58.Bc1 Bf6 59.Bd2 Kd4 60.Ba5 Ke4
61.Bd2 f4 62.Ba5 f3+ 63.Kf2 Bd4+ 64.Kf1 Be3 65.Bb4 Kd3 66.Bd6 Kc2 67.Be7 Kb2 68.a3
Kb3 69.Ke1 Bc1 70.Kf2 Bxa3 71.Bxg5 Bb2 72.Be7 a3 73.Bxa3 Bxa3 74.h4 a5 75.h5 Bb2 0-1

[Event "2. BUNDESLIGA MITTE 2018/2019"]
[Site "Grieskirchen, Friedberg/Sauwald, St. Veit, Deutschlandsberg"]
[Date "2019.03.03"]
[Round "11"]
[Board "4"]
[White "Mahdy, Khaled"]
[Black "Traunwieser, Georg"]
[Result "1-0"]
[WhiteElo "2382"]
[BlackElo "2102"]
[PlyCount "84"]
[EventDate "2018.10.19"]
[EventType "team"]
[EventRounds "11"]
[EventCountry "AUT"]
[WhiteTeam "SC Pinggau-Friedberg"]
[BlackTeam "Freistadt/Wartberg"]

1.e4 Nf6 2.e5 Nd5 3.Nc3 Nxc3 4.bxc3 d6 5.f4 g6 6.Nf3 Bg7 7.Bc4 O-O 8.O-O Bg4 9.d4
c5 10.Be3 d5 11.Be2 c4 12.h3 Bxf3 13.Bxf3 e6 14.g4 Nc6 15.Bg2 Ne7 16.a4 Rc8 17.Bc1
Re8 18.Ba3 Qd7 19.Qb1 Rc6 20.Qb5 Qc8 21.a5 Ra6 22.Bc5 Nc6 23.Rfb1 Bh6 24.f5 Bd2 25.Bb4
Nxb4 26.Qxb4 exf5 27.Bxd5 fxg4 28.Qxb7 Qf5 29.Rf1 Bf4 30.Qxf7+ Qxf7 31.Bxf7+ Kxf7
32.Rxf4+ Ke7 33.hxg4 Rf8 34.Rxf8 Kxf8 35.Kf2 Ke7 36.Kf3 g5 37.Rh1 Rxa5 38.Rxh7+ Ke8
39.e6 Ra3 40.d5 Rxc3+ 41.Ke4 Rxc2 42.d6 Re2+ 1-0

[Event "2. BUNDESLIGA MITTE 2018/2019"]
[Site "Grieskirchen, Friedberg/Sauwald, St. Veit, Deutschlandsberg"]
[Date "2019.03.03"]
[Round "11"]
[Board "5"]
[White "Duy, Alexander"]
[Black "Schieder, Andreas"]
[Result "0-1"]
[WhiteElo "1764"]
[BlackElo "2205"]
[PlyCount "58"]
[EventDate "2018.10.19"]
[EventType "team"]
[EventRounds "11"]
[EventCountry "AUT"]
[WhiteTeam "Freistadt/Wartberg"]
[BlackTeam "SC Pinggau-Friedberg"]

1.c4 e5 2.g3 d6 3.Bg2 g6 4.Nc3 Bg7 5.e3 f5 6.Nge2 Nf6 7.d4 e4 8.b3 O-O 9.O-O Na6 10.Ba3
Qe8 11.Rc1 g5 12.d5 Ng4 13.Nd4 Ne5 14.Nce2 Nc5 15.Bxc5 dxc5 16.Nb5 Qd7 17.f4 exf3
18.Bxf3 a6 19.Nbc3 Nxf3+ 20.Rxf3 Qe7 21.Qd3 Bd7 22.e4 fxe4 23.Rxf8+ Rxf8 24.Qxe4 Qf7
25.Qe3 Bh3 26.Kh1 Re8 27.Qd3 Qf2 28.Rg1 Bxc3 29.Nxc3 Bg2+ 0-1